Statistics for 50 Most Valuable Portuguese Players

Click here to take the quiz!

General Stats

  • This quiz has been taken 47 times
  • The average score is 26 of 50

Answer Stats

RankValue (€)ClubPlayer% Correct
7€45MRB LeipzigAndre Silva
97%
4€70MManchester CityBernardo Silva
97%
1€90MManchester UnitedBruno Fernandes
95%
6€45MJuventusCristiano Ronaldo
95%
2€80MAtletico MadridJoao Felix
95%
35€12MReal BetisRui Silva
95%
19€25MWolvesFabio Silva
92%
3€75MManchester CityRuben Dias
92%
9€45MLiverpoolDiogo Jota
89%
5€55MManchester CityJoao Cancelo
86%
24€20MPSGDanilo Pereira
84%
8€45MWolvesRuben Neves
81%
32€12.5MSL BenficaGedson Fernandes
76%
13€30MLeicester CityRicardo Pereira
76%
10€40MBorussia DortmundRaphael Guerreiro
70%
16€25MValencia CFGoncalo Guedes
68%
14€30MLOSC LilleRenato Sanches
68%
37€10MAS RomaRui Patricio
68%
39€10MManchester UnitedDiogo Dalot
62%
18€25MAC MilanRafael Leao
62%
48€8MOlympiacosRuben Semedo
62%
15€28MWolvesNelson Semedo
59%
30€14MOlympique LyonAnthony Lopes
54%
28€15MReal BetisWilliam Carvalho
54%
12€35MWolvesPedro Neto
51%
25€20MEvertonAndre Gomes
49%
47€8MNapoliMario Rui
49%
17€25MWolvesDaniel Podence
46%
27€18MAS MonacoGelson Martins
41%
20€23MSL BenficaRafa
41%
22€22MSporting CPPedro Goncalves
38%
23€21MSporting CPJoao Palhinha
35%
33€12MSL BenficaPizzi
35%
31€14MSC BragaRicardo Horta
35%
42€9MSC BragaFabio Martins
32%
21€22MWolvesFrancisco Trincao
32%
49€8MSL BenficaDiogo Goncalves
24%
34€12MSL BenficaJoao Mario
24%
11€40MSporting CPNuno Mendes
24%
26€19MFC PortoSergio Oliveira
24%
44€9MSporting CPGoncalo Inacio
19%
29€15MSporting CPPaulinho
19%
50€8MLOSC LilleXeka
19%
43€9MFC PortoFabio Vieira
16%
38€10MLevante UDRuben Vezo
14%
46€8.5MSC BragaDavid Carmo
11%
36€12MGranada CFDomingos Duarte
8%
40€10MFC PortoDiogo Leite
5%
41€10MSL BenficaFlorentino
5%
45€9MAtletico MadridMarcos Paulo
3%

Score Distribution

Percentile by Number Answered

Percent of People with Each Score

Your Score History

You have not taken this quiz